Professional ASP.NET 3.5 security, membership, and role management with C# and VB (Record no. 61165)
[ view plain ]
| 000 -LEADER | |
|---|---|
| fixed length control field | 01248nam a2200325Ia 4500 |
| 100 1# - MAIN ENTRY--AUTHOR NAME | |
| Personal name | Haidar, Bilal. |
| 245 10 - TITLE STATEMENT | |
| Title | Professional ASP.NET 3.5 security, membership, and role management with C# and VB |
| 260 ## - PUBLICATION, DISTRIBUTION, ETC. (IMPRINT) | |
| Place of publication | Indianapolis, IN : |
| Name of publisher | Wiley Pub., |
| Year of publication | 2008. |
| 300 ## - PHYSICAL DESCRIPTION | |
| Number of Pages | xxix, 904 p. |
| 500 ## - GENERAL NOTE | |
| General note | Includes index. |
| 650 #0 - SUBJECT ADDED ENTRY--TOPICAL TERM | |
| Topical Term | Microsoft .NET. |
| Topical Term | Computer security. |
| Topical Term | Web site development. |
| 700 1# - ADDED ENTRY--PERSONAL NAME | |
| Personal name | Schackow, Stefan, |
| 856 40 - ELECTRONIC LOCATION AND ACCESS | |
| Uniform Resource Identifier | http://site.ebrary.com/lib/rucke/Doc?id=10307379 |
No items available.
